000 00463nmm a2200157Ia 4500
008 251105s9999||||xx |||||||||||||||||und||
020 _a9789580600947
041 _aspa
100 _aRoca, Juan Manuel (ed.)
245 0 _aLos más bellos poemas de amor y desamor
264 _a[Bogotá, Colombia] :
_bOveja Negra,
_c2007
300 _a235 páginas
650 _aLatin American poetry
856 _uhttps://public.digitaliapublishing.com/a/30174
942 _cCF
999 _c94786
_d94786